| 000 | 00611 a2200157 4500 | ||
|---|---|---|---|
| 005 | 20250505083830.0 | ||
| 020 | _a0-07-225768-7 | ||
| 082 | _aLECT 005.74 LIN | ||
| 100 | _aLINNEMETER, L, C. | ||
| 245 | _aOracle HTML DB Handbook: Develop Database-Centric Web Applications Quickly and Easily. | ||
| 260 |
_aLondon, _bMcGraw-Hill Companies, Inc, _c2006. |
||
| 300 |
_axxi,486p.: ill.; figures, tables. _bindex, _c23cm. |
||
| 700 | _aBROWN, B, D. | ||
| 856 |
_yOnline Access Book _fOracle HTML DB Handbook: Develop Database-Centric Web Applications Quickly and Easily. _dwww.OraclePressBooks.com |
||
| 942 |
_2ddc _cBKS |
||
| 999 |
_c1888 _d1888 |
||